| 000 | 00631nam a2200205 u 4500 | ||
|---|---|---|---|
| 005 | 20260327064206.0 | ||
| 008 | 090917s2007 es r 000 0 spa d | ||
| 020 | _a9788433962621 | ||
| 035 | _aUPN01000172336 | ||
| 049 | _aCG | ||
| 050 | 4 |
_aLB2369 _bC2.3 |
|
| 100 | 1 |
_aCassany i Comas, Daniel, _d1961- _932652 |
|
| 245 | 1 | 0 |
_aAfilar el lapicero : _bguía de redacción para profesionales / _cDaniel Cassany ; tr. Oscar Morales. |
| 260 |
_aBarcelona, Esp. : _bAnagrama, _c2007. |
||
| 300 | _a173 p. : | ||
| 440 | 0 |
_aArgumentos ; _v367 |
|
| 650 | 4 |
_aRedacción _91538 |
|
| 650 | 4 |
_aRedacción de informes _912161 |
|
| 905 | _aLibro | ||
| 999 |
_c144440 _d144440 |
||